A statistical analysis of general elections to house of the people, 1980 (Record no. 490494)

000 -LEADER
fixed length control field 00378cam a22001097a 4500
008 - FIXED-LENGTH DATA ELEMENTS--GENERAL INFORMATION
fixed length control field 180718b1980 xxu||||| |||| 00| 0 eng d
082 ## - DEWEY DECIMAL CLASSIFICATION NUMBER
Classification number F8x54 H57/1980
245 ## - TITLE STATEMENT
Title A statistical analysis of general elections to house of the people, 1980
Statement of responsibility, etc. by Election Department
260 ## - PUBLICATION, DISTRIBUTION, ETC.
Place of publication, distribution, etc. Simla
Name of publisher, distributor, etc. Election Department
Date of publication, distribution, etc. 1980
300 ## - PHYSICAL DESCRIPTION
Extent 53+p.
700 ## - ADDED ENTRY--PERSONAL NAME
Personal name Himachal Pradesh. Election Department
Holdings
Withdrawn status Lost status Damaged status Not for loan Permanent Location Current Location Date acquired Full call number Barcode Date last seen Price effective from Koha item type
        Indian Institute of Public Administration Indian Institute of Public Administration 2018-08-04 F8x54 H57/1980 GG19573 2018-08-04 2018-08-04 GG

Powered by Koha